[Event "It (open)"]
[Site "masterchessopen.com Moscow (Russia)"]
[Date "2006.01.30"]
[Round "2"]
[White "Zontakh Andrey (UKR)"]
[Black "Novogrudsky Nikolay (RUS)"]
[Result "1-0"]
[WhiteElo "2569"]
[BlackElo "2285"]

1.e4 c5 2.Nf3 Nc6 3.d4 cxd4 4.Nxd4 Nf6 5.Nc3 d6 6.Bg5 e6 7.Qd2 a6 8.O-O-O h6
9.Be3 Be7 10.f4 Bd7 11.Kb1 Nxd4 12.Bxd4 Bc6 13.Bd3 b5 14.Qe1 b4 15.Ne2 Qc7
16.Ng3 Qb7 17.e5 dxe5 18.fxe5 Nd5 19.Ne4 Nc3+ 20.Nxc3 bxc3 21.Bxc3 O-O 22.Qg3
Rfb8 23.Rhf1 a5 24.Rxf7 {#r} 1-0

[Event "It (open) \"]
[Site "masterchessopen.com Moscow (Russia)"]
[Date "2006.02.14"]
[Round "8"]
[White "Das Arghyadip (IND)"]
[Black "Al Sayed Mohamad N (QAT)"]
[Result "1-0"]
[WhiteElo "2373"]
[BlackElo "2486"]

1.e4 c5 2.Nf3 Nc6 3.d4 cxd4 4.Nxd4 Nf6 5.Nc3 d6 6.Bg5 e6 7.Qd2 a6 8.O-O-O Be7
9.f4 Nxd4 10.Qxd4 b5 11.Bxf6 gxf6 12.e5 f5 13.exd6 Bf6 14.Qe3 Kf8 15.g4 Bb7
16.Rg1 fxg4 17.Rxg4 h5 18.Rg1 Rc8 19.Bg2 Bxg2 20.Rxg2 Rc5 21.Ne4 Qa8 22.Re2
Bd8 23.b3 Rc8 24.Qd4 Rg8 25.Qe5 h4 26.Qh5 Qa7 27.Qh6+ Rg7 28.Rg2 {#r} 1-0

[Event "Ch Russia (juniors) (under 18)"]
[Site "masterchessopen.com Dagomys (Russia)"]
[Round "6"]
[White "Nakhapetiane Pogos (RUS)"]
[Black "Papin Vasily (RUS)"]
[Result "1-0"]
[WhiteElo "2418"]
[BlackElo "2409"]

1.e4 c5 2.Nf3 d6 3.d4 cxd4 4.Nxd4 Nf6 5.Nc3 Nc6 6.Bg5 e6 7.Qd2 a6 8.f4 h6
9.Bxf6 gxf6 10.O-O-O Bd7 11.Kb1 Qc7 12.g3 O-O-O 13.Be2 h5 14.h4 Be7 15.Nb3
Rdg8 16.Rhg1 Rg7 17.Qe3 Kb8 18.Bf3 Qc8 19.Qe2 Qg8 20.Qf2 Qh7 21.Be2 f5 22.Bxa6
fxe4 23.Qb6 Bc8 24.Bxb7 Bxb7 25.Nc5 dxc5 26.Rd7 Nd8 27.Nb5 f5 28.Qa7+ {#r} 1-0

[Event "Czech League 2005/06 (2nd) (c)"]
[Site "masterchessopen.com Czech Republic"]
[Date "2006.04.09"]
[Round "11"]
[White "Srba Milan (CZE)"]
[Black "Stastny Jan (CZE)"]
[Result "1-0"]
[WhiteElo "2243"]
[BlackElo "2235"]

1.e4 c5 2.Nf3 d6 3.d4 cxd4 4.Nxd4 Nf6 5.Nc3 Nc6 6.Bg5 e6 7.Qd2 a6 8.f4 h6
9.Bxf6 Qxf6 10.Nf3 Bd7 11.O-O-O O-O-O 12.g4 g5 13.f5 Ne5 14.Qd4 Bg7 15.Qb6
Nxf3 16.Bxa6 bxa6 17.Qxa6+ Kc7 18.Qxd6+ Kb7 19.Qb4+ Kc8 20.Qc5+ Kb8 21.Qb6+
Kc8 22.Rd6 Qe5 23.Rhd1 Bf6 24.R1d5 exd5 25.Qc5+ {#r} 1-0

[Event "Tournament (Elo) (a)"]
[Site "masterchessopen.com Budapest (Hungary)"]
[Date "2006.06.12"]
[Round "8"]
[White "Simai Mate (HUN)"]
[Black "Hugyecz Andras (HUN)"]
[Result "1-0"]
[WhiteElo "2098"]
[BlackElo "2115"]

1.e4 c5 2.Nf3 Nc6 3.d4 cxd4 4.Nxd4 Nf6 5.Nc3 d6 6.Bg5 e6 7.Qd2 a6 8.f3 h6
9.Be3 e5 10.Nb3 Be6 11.O-O-O b5 12.g4 Rc8 13.h4 Bxb3 14.axb3 Qa5 15.Kb1 Nb4
16.Bh3 Rc7 17.g5 Nh5 18.Bg4 Nf4 19.Bxf4 exf4 20.e5 d5 21.e6 Bd6 22.exf7+ Kxf7
23.Bh5+ Kf8 24.Rhe1 g6 25.Qd4 Rxc3 26.Qxh8+ Kf7 27.Qf6+ Kg8 28.Re8+ {#r} 1-0

[Event "It (open)"]
[Site "masterchessopen.com Rewal (Poland)"]
[Date "2006.08.24"]
[Round "5"]
[White "Skinke Katrina (LAT)"]
[Black "Matuszczyk Przemyslaw (POL)"]
[Result "1-0"]
[WhiteElo "2117"]
[BlackElo "1921"]

1.e4 c5 2.Nf3 d6 3.d4 cxd4 4.Nxd4 Nf6 5.Nc3 Nc6 6.Bg5 e6 7.Qd2 a6 8.f3 h6
9.Be3 Bd7 10.g4 b5 11.h4 Rc8 12.Rg1 Ne5 13.g5 b4 14.Nd1 Ng8 15.Bxa6 Rc7 16.Qe2
Bc8 17.Bb5+ Bd7 18.f4 Ng6 19.f5 exf5 20.exf5 Ne5 21.Nf2 Ne7 22.gxh6 gxh6
23.Ne6 Qb8 24.Nxc7+ Qxc7 25.Bxd7+ Qxd7 26.Ne4 Nd5 27.O-O-O Qxf5 28.Qb5+ Nd7
29.Qxd5 {#r} 1-0

[Event "Tournament (team)"]
[Site "masterchessopen.com Germany"]
[Date "2006.10.08"]
[Round "7"]
[White "Kritz Leonid (GER)"]
[Black "Federau Juergen (GER)"]
[Result "1-0"]
[WhiteElo "2597"]
[BlackElo "2206"]

1.e4 c5 2.Nc3 d6 3.Nge2 Nc6 4.d4 cxd4 5.Nxd4 Nf6 6.Bg5 e6 7.Qd2 a6 8.O-O-O Be7
9.f3 Qa5 10.Nb3 Qc7 11.Kb1 Bd7 12.h4 O-O-O 13.Be3 Ne5 14.Qf2 Rdg8 15.Bb6 Qb8
16.a4 h6 17.a5 Bc6 18.Nd4 Bd7 19.Na2 Bd8 20.Qd2 Bxb6 21.axb6 d5 22.Qb4 dxe4
23.Qc5+ Kd8 24.Nb4 exf3 25.gxf3 Ke8 26.Re1 Ng6 27.Nf5 Ne7 28.Qxe7# 1-0

[Event "Ch City (1/2 final)"]
[Site "masterchessopen.com St. Petersburg (Russia)"]
[Date "2006.12.08"]
[Round "6"]
[White "Romanov Vasily (RUS)"]
[Black "Fateev Michail (RUS)"]
[Result "0-1"]
[WhiteElo "1986"]
[BlackElo "2135"]

1.e4 c5 2.Nf3 Nc6 3.d4 cxd4 4.Nxd4 Nf6 5.Nc3 d6 6.Bg5 e6 7.Qd2 a6 8.O-O-O h6
9.Be3 Ng4 10.Nxc6 bxc6 11.Bc5 d5 12.Bxf8 Kxf8 13.h3 Nf6 14.e5 Nd7 15.Qf4 Qc7
16.Re1 f6 17.Bd3 Nxe5 18.Kb1 Rb8 19.Na4 c5 20.Nxc5 Qxc5 21.Rxe5 Qc3 22.b3 Qxe5
{#R} 0-1

[Event "Ch Region"]
[Site "masterchessopen.com Voronezh (Russia)"]
[Date "2006.12.18"]
[Round "10"]
[White "Ponomariov Timur (RUS)"]
[Black "Raetsky Alexander (RUS)"]
[Result "1-0"]
[WhiteElo "2327"]
[BlackElo "2414"]

1.e4 c5 2.Nf3 Nc6 3.Nc3 d6 4.d4 cxd4 5.Nxd4 Nf6 6.Bg5 e6 7.Qd2 a6 8.O-O-O h6
9.Nxc6 bxc6 10.Bf4 d5 11.Qe3 Qa5 12.Be2 Bb7 13.Qg3 O-O-O 14.exd5 cxd5 15.Rd3
Rg8 16.Rhd1 Bc6 17.Kb1 Be7 18.Be5 Nd7 19.Bd6 Bf6 20.Nxd5 Bxd5 21.Ra3 Qb6
22.Bxa6+ Bb7 23.Bxb7+ Qxb7 24.Rc3+ Bxc3 25.Qxc3+ {#r} 1-0

[Event "Tournament \"]
[Site "masterchessopen.com Moscow (Russia)"]
[Date "2007.02.09"]
[Round "2"]
[White "Babanov Alexander V (RUS)"]
[Black "Nikishin Dmitry A (RUS)"]
[Result "1-0"]
[WhiteElo "2049"]
[BlackElo "1909"]

1.e4 c5 2.Nf3 Nc6 3.d4 cxd4 4.Nxd4 Nf6 5.Nc3 d6 6.Bg5 e6 7.Qd2 a6 8.Nxc6 bxc6
9.O-O-O d5 10.Bxf6 Qxf6 11.exd5 cxd5 12.Nxd5 exd5 13.Qxd5 Rb8 14.Bb5+ axb5
15.Rhe1+ Be7 16.Qd8# 1-0

[Event "It (open)"]
[Site "masterchessopen.com Raciborz (Poland)"]
[Date "2007.02.18"]
[Round "4"]
[White "Wojciechowski Piotr (POL)"]
[Black "Matuszczyk Przemyslaw (POL)"]
[Result "1-0"]
[WhiteElo "2219"]
[BlackElo "1975"]

1.e4 c5 2.Nf3 d6 3.d4 cxd4 4.Nxd4 Nf6 5.Nc3 Nc6 6.Bg5 e6 7.Qd2 a6 8.O-O-O h6
9.Be3 Bd7 10.f3 b5 11.Kb1 Ne5 12.Bd3 Rb8 13.g4 b4 14.Nce2 d5 15.g5 hxg5
16.Bxg5 dxe4 17.Bxe4 Be7 18.Bf4 Nc4 19.Qd3 Nxe4 20.Qxe4 Rc8 21.Rhg1 Bf6 22.Ng3
g5 23.Nxe6 fxe6 24.Qg6+ Ke7 25.Bxg5 Bxg5 26.Qg7+ {#r} 1-0

[Event "Ch City"]
[Site "masterchessopen.com Voronezh (Russia)"]
[Date "2007.03.14"]
[Round "9"]
[White "Kalugin Andrey (RUS)"]
[Black "Polyansky Viktor (RUS)"]
[Result "1-0"]
[WhiteElo "2014"]
[BlackElo "2079"]

1.e4 c5 2.Nf3 d6 3.d4 cxd4 4.Nxd4 Nf6 5.Nc3 Nc6 6.Bg5 e6 7.Qd2 a6 8.Be2 Bd7
9.O-O Be7 10.f4 Qb6 11.e5 Nxd4 12.Kh1 Nxe2 13.Qxe2 dxe5 14.fxe5 Nd5 15.Ne4
Qxb2 16.Bxe7 Kxe7 17.Qf3 f5 {#r} 1-0

[Event "Ch Europe"]
[Site "masterchessopen.com Dresden (Germany)"]
[Date "2007.04.11"]
[Round "8"]
[White "Mista Aleksander (POL)"]
[Black "Grigoriants Sergey (RUS)"]
[Result "1-0"]
[WhiteElo "2543"]
[BlackElo "2591"]

{ Mista Aleksander (POL) +1 =0 -3 Grigoriants Sergey (RUS) +2 =0 -0 } 1.e4 c5
2.Nf3 d6 3.d4 cxd4 4.Nxd4 Nf6 5.Nc3 a6 6.Bg5 Nc6 7.Qd2 e6 8.O-O-O Bd7 ( 8...h6
9.Bf4 Bd7 10.Nxc6 Bxc6 11.Qe1 Qa5 12.Kb1 Be7 13.f3 Qc7 14.e5 dxe5 15.Bxe5 Qb6
16.Bc4 O-O 17.Bd4 Qc7 18.Be5 Qc8 19.Qg3 Nh5 20.Qh3 Nf6 21.Rhe1 Rd8 22.Bb3
Rxd1+ 23.Rxd1 b5 24.Ne2 a5 25.c3 b4 26.cxb4 axb4 27.Nf4 Ba4 28.Rc1 { ...0-1,
Safarli Eltaj 2421 - Grigoriants Sergey 2579 , Abudhabi 20. 8.2006 It (open) }
) 9.f3 h6 10.Be3 b5 11.Nxc6 Bxc6 12.Ne2 Qc7 { ?/= } ( 12...Rc8 13.Nd4 Bb7
14.Kb1 Qc7 15.h4 e5 16.Nf5 d5 17.exd5 Nxd5 18.Bd3 g6 19.Ng3 h5 20.Ne4 Be7
21.Ng5 Nb4 { 1/2-1/2, Ehlvest Jaan 2626 - Baklan Vladimir 2590 , Kramatorsk
2001 Cup Governor's (cat.15) } ) ( 12...Be7 13.Kb1 Qc7 14.Nd4 Bb7 15.h4 Nd7
16.h5 Ne5 17.Qe1 O-O 18.g4 Rac8 19.Qg3 Bg5 20.Bg1 f5 21.gxf5 exf5 22.f4 Bxe4
23.Rh2 Nf3 24.fxg5 Nxd4 25.Bd3 Nf3 26.gxh6 Bxd3 27.cxd3 Nxh2 28.Qxh2 gxh6
29.Bd4 Kh7 30.a3 Rg8 31.Qf4 Qd7 32.Re1 { ...0-1, Bindrich Falko 2391 -
Chernyshov Konstantin 2539 , Budapest 8. 7.2005 It (cat.7) } ) 13.Kb1 ( 13.Nd4
Bb7 14.Bd3 Nd7 15.Kb1 Be7 16.Rhe1 Ne5 17.Qf2 Rc8 18.Bf1 h5 19.Bc1 Nc6 20.Nxc6
Qxc6 21.f4 h4 22.Bd3 e5 23.g4 hxg3 24.hxg3 Bf6 25.Rf1 Qc7 26.Bd2 exf4 27.gxf4
Qc5 28.Qe1 Rh3 29.Bb4 Qe3 30.e5 dxe5 31.Bf5 Rd8 32.Rxd8+ { 1-0, Jakovenko
Dmitry 2667 - Nijboer Friso 2598 , Fuegen 13.10.2006 Cup European Club } )
13...Bb7 14.h4 ( 14.Nd4 e5 15.Nf5 d5 16.exd5 Nxd5 17.Bf2 O-O-O 18.Bd3 g6
19.Ne3 Nf4 20.Ng4 Bg7 21.Bg3 f5 22.Ne3 Kb8 23.Bxf4 exf4 24.Nf1 Rhe8 25.Qc1 Bd4
26.c3 Bb6 27.Qc2 Qf7 28.Nd2 Bd5 29.Nb3 Re3 30.Nc1 Qe6 31.a4 Bc6 32.axb5 axb5
33.c4 Rc8 { ...0-1, Mista Aleksander 2479 - Zawadzka Jolanta 2381 , Warsaw
18.12.2005 Ch Europe (active) } ) ( 14.Qc3 Rc8 15.Qxc7 { -0.15 CAP } )
14...Nd7 ( 14...Rc8 15.Rh3 h5 16.Nd4 Nd7 17.Bg5 g6 18.Rh1 d5 19.exd5 Bxd5
20.Bf4 Qb7 21.Nb3 Bg7 22.Bd6 Qc6 23.Ba3 Nb6 24.Bd3 Nc4 25.Bxc4 bxc4 26.Nd4 Qb6
27.Qg5 Bf8 28.Bxf8 Rxf8 29.Rhe1 Rb8 30.b3 Rd8 31.Ne2 cxb3 32.axb3 Rd7 33.Kb2
Qd8 34.Qf4 { ...1-0, Kasparov Garry 2851 - Kramnik Vladimir 2760 , Frankfurt
1999 It (active) (cat.21) } ) ( 14...Be7 15.Nd4 Nd7 16.g4 Ne5 17.Be2 Rc8 18.b3
Qc3 19.Qxc3 Rxc3 20.Bd2 Rc8 21.h5 d5 22.f4 Nc6 23.Nxc6 Bxc6 24.e5 f6 25.exf6
gxf6 26.Bd3 Kd7 27.Bg6 d4 28.Rhf1 Bd5 29.Be1 Bc5 30.c3 f5 31.gxf5 Be4+ 32.Kb2
exf5 33.b4 Be7 34.Rxd4+ { ...1-0, Lanka Zigurds 2515 - Lerner Konstantin Z
2580 , Germany 1998 Bundesliga 1997/98 } ) ( 14...Rd8 15.Rh3 e5 16.g4 d5 17.g5
Nh5 18.exd5 Rxd5 19.Qc1 Rxd1 20.Qxd1 Bc5 21.Bc1 O-O 22.Nc3 Rd8 23.Bd3 Nf4
24.Bxf4 exf4 25.gxh6 gxh6 26.Rh2 Kh8 27.Qe2 Rg8 28.Rg2 Rxg2 29.Qxg2 Qe7 30.Qh1
Bd4 31.Be4 Bxc3 32.Bxb7 Bxb2 33.Kxb2 Qxb7 34.Qh3 { ...0-1, Kritz Leonid 2545 -
Baklan Vladimir 2590 , Austria 18.11.2005 Bundesliga 2005/06 } ) ( 14...d5
15.e5 Nd7 16.f4 h5 ( 16...Nb6 { -0.60 CAP } ) 17.Nd4 g6 18.Be2 Nb6 19.Qa5 Rc8
20.g4 hxg4 21.Bxg4 Bc5 22.Ka1 Qe7 23.Qe1 Nc4 24.Bc1 Kd7 25.h5 gxh5 26.Bh3 Kc7
27.f5 exf5 28.Bf4 Bxd4 29.Rxd4 Kb8 30.Bxf5 Rce8 31.Bd7 Rd8 32.Bf5 Rde8 33.Bd7
Rd8 34.Bf5 { ...1/2-1/2, Lutz Christopher 2608 - Jankovic Alojzije 2516 ,
Kusadasi 10. 4.2006 Ch Europe } ) 15.Nd4 Rc8 { N } ( 15...d5 16.exd5 Bxd5
17.Bf4 ( 17.Qf2 Be7 18.g4 Qb7 19.Rh3 h5 20.g5 g6 21.Nb3 O-O 22.Rc1 Rfc8 23.Nd2
b4 24.Qe2 a5 25.Qb5 Qc7 26.Ne4 a4 27.Qe2 a3 28.c4 Bxe4+ 29.fxe4 b3 30.Bd4
bxa2+ 31.Ka1 e5 32.Bc3 Nc5 33.Qc2 axb2+ 34.Bxb2 Na4 35.Ba3 { ...0-1, Guetas
Sanchez Hugo 2077 - Aloma Vidal Robert 2263 , Mondariz 14. 7.2005 Ch Spain
(juniors) (under 16) } ) 17...Qb6 18.Nf5 Nf6 19.Be5 O-O-O 20.Qc3+ Kb7 21.Bxf6
gxf6 22.Ne3 Bc6 23.Rxd8 Qxd8 24.Bd3 Bd6 25.Rd1 Be5 26.Qe1 Qc7 27.Ng4 Bg3
28.Qc3 Be5 29.Nxe5 Qxe5 30.Qb4 Rd8 31.a4 Qd4 32.c4 Qxh4 33.Qb3 Qd4 34.Be2 Qb6
35.Rxd8 { ...1-0, Inarkiev Ernesto 2604 - Vuckovic Bojan 2538 , Catalan Bay
29. 1.2004 It "Gibraltar Masters" } ) ( 15...Be7 16.g4 ( 16.Bd3 d5 17.exd5
Bxd5 18.h5 Bf6 19.Rhg1 Ne5 20.g4 Nxf3 21.Nxf3 Bxf3 22.Rdf1 Bd5 23.g5 hxg5
24.Bxg5 Rxh5 25.Bxf6 gxf6 26.Rxf6 O-O-O 27.Rgf1 Bc4 28.Qg2 Bd5 29.Qg7 Rd7
30.b3 Rh1 31.Rxh1 Bxh1 32.Rh6 Bd5 33.Rh8+ Kb7 34.Qf8 Ka7 35.Qb4 { ...1/2-1/2,
Jakubowski Krzysztof 2495 - Zawadzki Stanislaw 2398 , Poraj 2003 Ch Poland
(juniors) (under 20) (1/2 final) } ) 16...Ne5 17.Be2 Rc8 18.b3 Qc3 19.Qxc3
Rxc3 20.Bd2 Rc8 21.h5 d5 22.f4 Nc6 23.Nxc6 Bxc6 24.e5 f6 25.exf6 gxf6 26.Bd3
Kd7 27.Bg6 d4 28.Rhf1 Bd5 29.Be1 Bc5 30.c3 f5 31.gxf5 Be4+ 32.Kb2 exf5 33.b4
Be7 34.Rxd4+ Ke6 35.Rxe4+ { ...1-0, Lanka Zigurds 2515 - Lerner Konstantin Z
2580 , Germany 1998 Bundesliga 1997/98 } ) ( 15...Ne5 16.Bd3 g6 17.Rhf1 Bg7
18.Bxb5+ axb5 19.Nxb5 Qc6 20.Nxd6+ Ke7 21.Qb4 g5 22.hxg5 hxg5 23.Nf5+ { 1-0,
Gonzalez Yuri 2524 - Aloma Vidal Robert 2263 , Barcelona 31. 8.2005 It "Sants
open" } ) 16.g4 { +0.11 CAP } 16...d5 17.a4 e5 18.exd5 exd4 19.Bxd4 Bxd5
20.Bd3 f6 21.Bg6+ Bf7 22.Rhe1+ Be7 23.Bf5 Rd8 24.f4 Nc5 25.Qe3 bxa4 { ?? } (
25...Rd5 26.axb5 axb5 27.h5 Qd6 28.Bg6 Kf8 29.f5 Qd7 30.Rd2 { } ) 26.Qxe7+
Qxe7 27.Rxe7+ Kf8 28.Rc7 { } {#r} 1-0

[Event "Ch Netherlands (juniors) (under 20) (g)"]
[Site "masterchessopen.com Venlo (Netherlands)"]
[Date "2007.05.01"]
[Round "5"]
[White "Grannetia Claudia (NED)"]
[Black "Brandenburg Lucia (NED)"]
[Result "0-1"]
[WhiteElo "1684"]
[BlackElo "1920"]

1.e4 c5 2.Nf3 d6 3.d4 cxd4 4.Nxd4 Nf6 5.Nc3 Nc6 6.Bg5 e6 7.Qd2 a6 8.f3 Bd7
9.g4 b5 10.Bg2 Rc8 11.a3 Be7 12.Nb3 Ne5 13.Rd1 Nc4 14.Qc1 Nxa3 15.bxa3 Rxc3
16.Bd2 Rc4 17.g5 Nh5 18.f4 Qc8 19.Na1 Bc6 20.O-O Bxe4 21.Bxe4 Rxe4 22.Bb4 Qc4
23.Bxd6 Bxd6 24.Rxd6 Qc5+ 25.Kh1 Qxd6 26.Qd1 Qxd1 27.Rxd1 O-O {#R} 0-1

[Event "Tournament \"]
[Site "masterchessopen.com Chisinau (Moldova)"]
[Date "2007.05.04"]
[Round "7"]
[White "Tufar Octavian (MDA)"]
[Black "Gutol Igor (MDA)"]
[Result "0-1"]
[WhiteElo "1914"]
[BlackElo "2243"]

1.e4 c5 2.Nf3 d6 3.d4 cxd4 4.Nxd4 Nc6 5.Nc3 Nf6 6.Bg5 e6 7.Qd2 a6 8.O-O-O h6
9.Bxf6 Qxf6 10.Nxc6 bxc6 11.f3 d5 12.Qd4 Qxd4 13.Rxd4 Rb8 14.Ra4 Rb6 15.exd5
cxd5 16.Bd3 Be7 17.Re1 Bb7 18.a3 Kd7 19.g3 h5 20.h4 g5 21.hxg5 Bxg5+ 22.Kd1
Rxb2 23.Rh1 Bc6 24.Rxa6 d4 25.Ne4 Bxe4 26.Bxe4 Rb1+ {#R} 0-1

[Event "Tournament (Elo) (b)"]
[Site "masterchessopen.com Voronezh (Russia)"]
[Date "2007.05.14"]
[Round "8"]
[White "Polyansky Viktor (RUS)"]
[Black "Chernov Vladimir (RUS)"]
[Result "0-1"]
[WhiteElo "2079"]
[BlackElo "2083"]

1.e4 c5 2.Nf3 Nc6 3.Nc3 d6 4.d4 cxd4 5.Nxd4 Nf6 6.Bg5 e6 7.Qd2 a6 8.O-O-O h6
9.Bxf6 Qxf6 10.Nxc6 bxc6 11.f4 Qd8 12.e5 d5 13.Ne4 Be7 14.Qc3 O-O {#R} 0-1

[Event "Tournament (open)"]
[Site "masterchessopen.com Nitero (Brazil)"]
[Date "2007.05.26"]
[Round "1"]
[White "Salles Marico Darilho (BRA)"]
[Black "Von Buelow Georg (GER)"]
[Result "0-1"]
[WhiteElo "2122"]
[BlackElo "2357"]

1.e4 c5 2.Nf3 d6 3.d4 cxd4 4.Nxd4 Nf6 5.Nc3 Nc6 6.Bg5 e6 7.Qd2 a6 8.O-O-O h6
9.Bxf6 Qxf6 10.Nb3 Qd8 11.f4 Bd7 12.Kb1 Be7 13.Bd3 Na5 14.g4 b5 15.h4 Nc4
16.Qf2 Qb6 17.Qxb6 Nxb6 18.Be2 b4 {#R} 0-1

[Event "It (open)"]
[Site "masterchessopen.com Bialystok (Poland)"]
[Date "2007.06.28"]
[Round "8"]
[White "Kostyra Stanislaw (POL)"]
[Black "Daciuk Slawomir (POL)"]
[Result "1-0"]
[WhiteElo "2277"]
[BlackElo "2048"]

1.e4 c5 2.Nf3 Nc6 3.Nc3 d6 4.d4 cxd4 5.Nxd4 Nf6 6.Bg5 e6 7.Qd2 a6 8.O-O-O h6
9.Be3 Be7 10.f4 Bd7 11.Be2 Qc7 12.Nb3 b5 13.Bf3 b4 14.Na4 Rb8 15.e5 dxe5
16.Nac5 Rd8 17.Nxa6 Qc8 18.Nac5 Nd4 19.Bxd4 exd4 20.Qxd4 O-O 21.Nb7 Rde8
22.Nd6 Bxd6 23.Qxd6 Nd5 24.Rhe1 Bc6 25.f5 Bb7 26.fxe6 Rxe6 27.Rxe6 fxe6 28.Nc5
{#r} 1-0

[Event "Ch Portugal (team) (1 div)"]
[Site "masterchessopen.com Evora (Portugal)"]
[Round "0"]
[White "Desanjose Candalija Eduardo (ESP)"]
[Black "Andrade Leonardo (POR)"]
[Result "0-1"]
[WhiteElo "2310"]
[BlackElo "2260"]

1.e4 c5 2.Nf3 d6 3.d4 cxd4 4.Nxd4 Nf6 5.Nc3 Nc6 6.Bg5 e6 7.Qd2 a6 8.O-O-O h6
9.Nxc6 bxc6 10.Bf4 d5 11.Qe3 Be7 12.Be2 Nd7 13.Rhe1 O-O 14.exd5 cxd5 15.Kb1
Bg5 16.Bxg5 Qxg5 17.f4 Qf6 18.g4 Rb8 19.h4 Rb4 20.a3 Qxf4 21.Qg1 Rb8 22.Rd3 g6
23.h5 g5 24.Bf3 Ne5 {#R} 0-1

[Event "It (open)"]
[Site "masterchessopen.com Winterthur (Switzerland)"]
[Date "2007.10.05"]
[Round "1"]
[White "Glauser Hansruedi (SUI)"]
[Black "Skeblin Srecko"]
[Result "1-0"]
[WhiteElo "2211"]
[BlackElo "1825"]

1.e4 c5 2.Nf3 d6 3.d4 cxd4 4.Nxd4 Nf6 5.Nc3 Nc6 6.Bg5 a6 7.Qd2 e6 8.O-O-O Be7
9.f4 Qc7 10.Be2 O-O 11.Bxf6 gxf6 12.f5 Nxd4 13.Qxd4 Qc5 14.Qd2 b5 15.Qh6 Bb7
16.Rd3 Bxe4 17.Rg3+ {#r} 1-0

[Event "Ch World (juniors) (under 18)"]
[Site "masterchessopen.com Kemer (Turkey)"]
[Date "2007.11.19"]
[Round "2"]
[White "Brzeski Maciej (POL)"]
[Black "Leon Hoyos Manuel (MEX)"]
[Result "0-1"]
[WhiteElo "2307"]
[BlackElo "2495"]

1.e4 c5 2.Nf3 d6 3.d4 cxd4 4.Nxd4 Nf6 5.Nc3 a6 6.Bg5 Nc6 7.Qd2 e6 8.O-O-O h6
9.Bf4 Bd7 10.Nxc6 Bxc6 11.Bxd6 Bxd6 12.Qxd6 Qxd6 13.Rxd6 Bxe4 14.f3 Bc6 15.Be2
Ke7 16.Rd3 b5 17.a3 a5 18.g3 Rhc8 19.Re1 b4 20.Nb1 Rc7 21.Bd1 Rac8 22.Rd4 Bxf3
23.Bxf3 Rxc2+ 24.Kd1 Rxb2 25.Nd2 bxa3 26.Ke2 Nd7 27.Rd3 Ne5 28.Rb3 Rxb3
29.Nxb3 Rc2+ {#R} 0-1

[Event "Cup Governor's"]
[Site "masterchessopen.com Khanty Mansyisk (Russia)"]
[Date "2007.11.21"]
[Round "1"]
[White "Frolyanov Dmitry (RUS)"]
[Black "Kotlyar Kirill (RUS)"]
[Result "1-0"]
[WhiteElo "2538"]
[BlackElo "2039"]

1.e4 c5 2.Nf3 Nc6 3.Nc3 d6 4.d4 cxd4 5.Nxd4 Nf6 6.Bg5 e6 7.Qd2 a6 8.O-O-O h6
9.Nxc6 bxc6 10.Bf4 d5 11.Qe1 Bb7 12.Be5 Be7 13.f4 O-O 14.Qg3 c5 15.exd5 exd5
16.Nxd5 Bxd5 17.c4 Qa5 18.cxd5 Qxa2 19.d6 Bd8 20.Bd3 Rb8 21.Bb1 Qe6 22.Rhe1
Rb3 23.Bc3 Qc4 24.Bc2 Rb7 25.Re4 Qa2 26.Re7 Bxe7 27.dxe7 Qa1+ 28.Bb1 g6 {#r}
1-0

[Event "Cup Governor's"]
[Site "masterchessopen.com Khanty Mansyisk (Russia)"]
[Date "2007.11.30"]
[Round "9"]
[White "Kotlyar Kirill (RUS)"]
[Black "Samartsev Alexander (RUS)"]
[Result "1-0"]
[WhiteElo "2039"]
[BlackElo "2421"]

1.e4 c5 2.Nf3 d6 3.d4 Nf6 4.Nc3 cxd4 5.Nxd4 Nc6 6.Bg5 e6 7.Qd2 a6 8.O-O-O Be7
9.f4 d5 10.e5 Nd7 11.h4 h6 12.Bxe7 Qxe7 13.Rh3 Nxd4 14.Qxd4 Qc5 15.Qd2 b5
16.Rg3 Rg8 17.Qd3 Nb6 18.Ne4 Qf8 19.Nd6+ Kd7 20.Qd4 Nc4 21.Bxc4 bxc4 22.Nxc4
Bb7 23.Nb6+ Kd8 24.Nxa8 Bxa8 25.Qb6+ {#r} 1-0

[Event "Ch Europe (active)"]
[Site "masterchessopen.com Warsaw (Poland)"]
[Date "2007.12.16"]
[Round "11"]
[White "Zawadzki Stanislaw (POL)"]
[Black "Vovk Yuri (UKR)"]
[Result "1-0"]
[WhiteElo "2415"]
[BlackElo "2561"]

{ Zawadzki Stanislaw (POL) +1 =2 -3 } 1.e4 c5 2.Nf3 Nc6 3.Nc3 d6 4.d4 cxd4
5.Nxd4 Nf6 6.Bg5 e6 7.Qd2 a6 8.O-O-O h6 9.Nxc6 bxc6 10.Bf4 d5 11.Qe3 Qa5
12.Be2 Bb4 ( 12...dxe4 13.Nxe4 Nd5 14.Rxd5 cxd5 15.Nd6+ Bxd6 16.Bxd6 Qd8
17.Ba3 Qc7 18.Rd1 Bb7 19.Rd3 Rc8 20.Rc3 Qd7 21.Qe5 Rg8 22.Re3 Rc6 23.Bd3 g6
24.b4 Rc7 25.b5 axb5 26.Qf6 d4 27.Rg3 Qd5 28.Rg4 Bc6 29.Kb1 Qd8 30.Qe5 b4
31.Bxb4 Rb7 32.Rxd4 { ...1-0, Gershon Alik 2460 - Lerner Konstantin Z 2580 ,
Graz 1998 Memorial Karl Wagner (open) } ) 13.Be5 Bxc3 ( 13...Be7 14.exd5 cxd5
15.Bxf6 gxf6 16.Rhe1 Qc5 17.Qg3 Bb7 18.Bf3 Kf8 19.Kb1 Rc8 20.Rd2 Qb4 21.Rd3 a5
22.Red1 Ba6 23.Rd4 Qb6 24.Bh5 Bd6 25.f4 Rg8 26.Qh3 Bb4 27.Na4 Qc6 28.c3 Qxa4
29.a3 Bc4 30.cxb4 axb4 31.R1d2 Rb8 32.Bd1 Qa5 33.b3 { ...0-1, Zhu Chen 2539 -
Krush Irina 2354 , New Delhi 2000 Ch World FIDE (KO-system) (w) } ) 14.Bxc3
Qxa2 15.Bd3 { ? } ( 15.f3 O-O 16.g4 Rd8 17.g5 d4 18.Rxd4 Rxd4 19.Qxd4 Qa1+
20.Kd2 Qxh1 21.Qd8+ Kh7 22.gxf6 Bb7 23.Qe7 c5 24.fxg7 Qg2 25.Qf8 Qg5+ 26.Ke1
e5 27.Bxe5 Rxf8 28.gxf8=Q Qxe5 29.Qxf7+ Qg7 30.Qxg7+ Kxg7 31.Kf2 { 1-0,
Hossain Enamul 2413 - Mohammad Javed 2256 , Dhaka 2003 Ch Bangladesh } ) (
15.Bf3 O-O 16.b3 dxe4 17.Bxe4 Nd5 18.Bxd5 exd5 19.Rhe1 Bf5 20.Bb2 Bg6 21.Qc3
f6 22.Rd4 { 1-0, Chanoine Guillaume 2169 - Santo-Roman Marc 2422 , Paris 2001
Ch Paris (open) } ) 15...Qa4 { N } ( 15...dxe4 16.Qg3 exd3 17.Qxg7 Rg8 (
17...Ne4 18.Qxh8+ Ke7 19.cxd3 Bb7 20.Qe5 Nxc3 21.Qxc3 c5 22.Qxc5+ Ke8 23.Qe5
Bd5 24.Kd2 Qa4 25.Rc1 Qb4+ 26.Ke3 Rb8 27.Rc2 Qb6+ 28.Qd4 Qxd4+ 29.Kxd4 Rb4+
30.Kc5 Rb8 31.Kd6 Bxg2 32.Rg1 Rd8+ 33.Kc7 Rd7+ 34.Kb8 Rb7+ 35.Kc8 { ...1-0,
Bromberger Stefan 2481 - Hoffmann Hendrik 2288 , Germany 19. 2.2006 Bundesliga
2005/06 } ) 18.Qxf6 d2+ 19.Kxd2 Qd5+ 20.Kc1 Qg5+ 21.Qxg5 hxg5 22.Bf6 Bb7 23.h4
gxh4 24.Rxh4 c5 25.g4 Bf3 26.Rd3 Be2 27.Re3 Bf1 28.g5 Kd7 29.c4 Kc6 30.Kd2
Rad8+ 31.Bxd8 Rxd8+ 32.Kc2 Rg8 33.Rg4 Kd6 34.b3 Rh8 35.g6 { ...1-0, Balashov
Yuri S 2575 - Makarov Marat 2515 , Smolensk 2000 Ch Russia (club) } ) (
15...Bb7 16.Qb6 { +0.52 CAP } ) 16.Qg3 { +1.38 CAP } 16...Nxe4 17.Bxe4 Qxe4
18.Qxg7 { ? } ( 18.Qd6 Bb7 19.Bxg7 Rd8 20.Qc7 Rd7 21.Qb8+ Rd8 22.Qxb7 Rg8
23.Qxc6+ Rd7 24.Qc3 Qf4+ 25.Kb1 { } ) 18...Rh7 19.Qg3 Kd7 20.Kb1 c5 { ? } (
20...Qg6 21.Qf4 Qg5 22.Qb4 a5 23.Qb6 Qd8 24.Qd4 a4 25.Bb4 Qc7 26.Qc5 { } )
21.Rhe1 Qg6 22.Qe3 Kc6 23.b4 Bb7 24.Rxd5 Kc7 25.Qxc5+ Bc6 26.Be5+ Kb7 27.Rd7+
{ } {#r} 1-0